000 00667nam a22001937a 4500
003 OSt
005 20260618154556.0
008 260618b |||||||| |||| 00| 0 eng d
020 _a 9781929024445
040 _cChuka University
050 _aLB 1731 .C6 2002
100 _aCorreia Marlene
_930302
245 _aThe mentors handbook; practical suggestions for collaborative reflection and analysis
260 _aNorwood
_bChristopher- Gordon Publishers
300 _a100pp
650 _aMentoring in education-- United States--Handbooks, manuals
_930303
650 _aTeachers-in- service training--United States-- Handbooks, Manuals
_930304
942 _2lcc
_cBK
_n0
999 _c24837
_d24837